[Event "Ceske Budejovice op-B"]
[Site "Ceske Budejovice"]
[Date "2023.07.04"]
[Round "4"]
[White "Weiss, Pavel"]
[Black "Hajek, Jiri1111"]
[Result "1/2-1/2"]
[WhiteElo "1550"]
[BlackElo "1692"]
[PlyCount "96"]
[EventDate "2023.07.01"]
[EventType "swiss"]
[EventRounds "9"]
[EventCountry "CZE"]
[SourceTitle "EXT 2024"]
[Source "ChessBase"]
[SourceDate "2023.10.10"]
[SourceVersion "1"]
[SourceVersionDate "2023.10.10"]
[SourceQuality "1"]

1. e4 d5 2. exd5 Nf6 3. Nc3 Nxd5 4. Nxd5 Qxd5 5. Qf3 Qe5+ 6. Qe3 Nc6 7. c3 Qxe3+ 8. fxe3 e5 9. d4 e4 10. Bb5 Bd7 11. Ne2 Be7 12. 0-0 0-0 13. Ng3 f5 14. d5 Ne5 15. Bxd7 Nxd7 16. Nxf5 Bc5 17. b4 Bb6 18. c4 a5 19. c5 Ba7 20. a3 Nf6 21. d6 cxd6 22. Nxd6 Bb8 23. Nxb7 axb4 24. Bb2 bxa3 25. Rxa3 Rxa3 26. Bxa3 Ng4 27. Rxf8+ Kxf8 28. c6+ Ke8 29. Bc5 Bxh2+ 30. Kf1 Bc7 31. Bd6 Nxe3+ 32. Ke2 Nd5 33. Bxc7 Nxc7 34. Nd6+ Kd8 35. Ke3 Ne6 36. Kxe4 Kc7 37. Ke5 Nd8 38. Ne8+ Kxc6 39. Nxg7 Kd7 40. Kf6 Kd6 41. Nf5+ Kd5 42. Nh6 Ne6 43. g4 Kd6 44. Nf5+ Kd5 45. Ne3+ Kd6 46. Nc4+ Kd5 47. Nb6+ Kd6 48. Nc8+ Kd7 1/2-1/2

[Event "Ceske Budejovice op-B"]
[Site "Ceske Budejovice"]
[Date "2022.07.08"]
[Round "8"]
[White "Weiss, Pavel"]
[Black "Rayan, Mohammad Ali Hassan"]
[Result "1-0"]
[WhiteElo "1566"]
[BlackElo "1399"]
[PlyCount "115"]
[EventDate "2022.07.01"]
[EventType "swiss"]
[EventRounds "9"]
[EventCountry "CZE"]
[SourceTitle "EXT 2023"]
[Source "ChessBase"]
[SourceDate "2022.10.05"]
[SourceVersion "1"]
[SourceVersionDate "2022.10.05"]
[SourceQuality "1"]

1. e4 e5 2. Bc4 Nf6 3. Nc3 Bc5 4. d3 d6 5. h3 h6 6. Na4 Nbd7 7. Nxc5 Nxc5 8. Be3 Ne6 9. Qd2 c6 10. Bxe6 Bxe6 11. f4 exf4 12. Bxf4 Qb6 13. b3 Rd8 14. Be3 Qc7 15. 0-0-0 b5 16. Ne2 a5 17. Bd4 c5 18. Bxf6 gxf6 19. Qc3 Ke7 20. Rhf1 a4 21. Qxf6+ Kd7 22. Nf4 Rdf8 23. Nxe6 fxe6 24. Qg7+ Kc6 25. Qxc7+ Kxc7 26. bxa4 bxa4 27. Kd2 Kd7 28. a3 Ke7 29. c4 Rb8 30. Rb1 h5 31. Rb5 Rxb5 32. cxb5 Rg8 33. g4 hxg4 34. Rg1 Kf7 35. Rxg4 Rb8 36. e5 dxe5 37. Rxa4 Rxb5 38. Kc3 Rb1 39. h4 Rc1+ 40. Kd2 Rh1 41. Rg4 Kf6 42. a4 Kf5 43. Rc4 Ra1 44. Kc2 Ra3 45. h5 Ra2+ 46. Kb3 Rd2 47. Rc3 Rh2 48. Rxc5 Rxh5 49. d4 Kf6 50. Kc4 Rh4 51. Rxe5 Ke7 52. a5 Kd7 53. a6 Rh1 54. Ra5 Rc1+ 55. Kb5 Rb1+ 56. Kc5 Rc1+ 57. Kb6 Rc6+ 58. Kb5 1-0

[Event "Ceske Budejovice op-B"]
[Site "Ceske Budejovice"]
[Date "2022.07.06"]
[Round "6"]
[White "Weiss, Pavel"]
[Black "Pavlicek, Adam"]
[Result "1/2-1/2"]
[WhiteElo "1566"]
[BlackElo "1672"]
[PlyCount "131"]
[EventDate "2022.07.01"]
[EventType "swiss"]
[EventRounds "9"]
[EventCountry "CZE"]
[SourceTitle "EXT 2023"]
[Source "ChessBase"]
[SourceDate "2022.10.05"]
[SourceVersion "1"]
[SourceVersionDate "2022.10.05"]
[SourceQuality "1"]

1. e4 c5 2. Bc4 Nc6 3. Nf3 d6 4. a3 Nf6 5. Nc3 a6 6. Be2 g6 7. d4 cxd4 8. Nxd4 Bg7 9. Be3 Ne5 10. Qd2 Neg4 11. Nd1 Nxe4 12. Qb4 Nxe3 13. Nxe3 Nc5 14. h4 Bd7 15. h5 a5 16. Qd2 Ne6 17. Nxe6 Bxe6 18. c3 Qb6 19. hxg6 hxg6 20. Rxh8+ Bxh8 21. Bc4 Bxc4 22. Nxc4 Qc5 23. Ne3 b5 24. Qd5 Rc8 25. Rc1 Qxd5 26. Nxd5 e6 27. Ne3 b4 28. axb4 axb4 29. Kd2 bxc3+ 30. bxc3 Bf6 31. Kd3 d5 32. Rc2 Kd7 33. f3 Kd6 34. Ng4 Bg7 35. c4 dxc4+ 36. Rxc4 Rxc4 37. Kxc4 f5 38. Ne3 Bh6 39. Nf1 Ke5 40. Kd3 Kd5 41. Ke2 Ke5 42. Kf2 Bf4 43. g3 Bc1 44. Ke2 g5 45. Kd1 Ba3 46. Ke2 Kd4 47. Nd2 Bd6 48. Kf2 Kc3 49. Nf1 Kd3 50. Nh2 Bc5+ 51. Kg2 Ke2 52. f4 gxf4 53. gxf4 Bd6 54. Nf3 Bxf4 55. Nd4+ Ke3 56. Nxe6 Bh6 57. Kf1 Ke4 58. Nc5+ Kd4 59. Nd7 Bg7 60. Kf2 Ke4 61. Nc5+ Kd5 62. Nd3 Bh6 63. Kf3 Kd4 64. Nf4 Ke5 65. Ng6+ Kf6 66. Nh4 1/2-1/2

[Event "Ceske Budejovice op-B"]
[Site "Ceske Budejovice"]
[Date "2022.07.05"]
[Round "5"]
[White "Khalil, Hanan"]
[Black "Weiss, Pavel"]
[Result "0-1"]
[WhiteElo "1347"]
[BlackElo "1566"]
[PlyCount "63"]
[EventDate "2022.07.01"]
[EventType "swiss"]
[EventRounds "9"]
[EventCountry "CZE"]
[SourceTitle "EXT 2023"]
[Source "ChessBase"]
[SourceDate "2022.10.05"]
[SourceVersion "1"]
[SourceVersionDate "2022.10.05"]
[SourceQuality "1"]

1. e4 e5 2. Nf3 Nf6 3. Nc3 d6 4. Bc4 h6 5. h3 Nc6 6. 0-0 Be7 7. a3 0-0 8. d3 Be6 9. Bxe6 fxe6 10. d4 exd4 11. Nxd4 Qd7 12. f4 Rad8 13. g4 e5 14. Nf5 Nh7 15. g5 hxg5 16. fxg5 g6 17. Nd5 gxf5 18. Qh5 f4 19. g6 Bf6 20. Kh2 Ng5 21. Nxf6+ Rxf6 22. Qxg5 Qg7 23. Rg1 Nd4 24. Qg4 Nxc2 25. Rb1 Rdf8 26. Qh5 c6 27. Bd2 Nd4 28. b4 Re6 29. Rg2 Rff6 30. Rbg1 Qh8 31. Qd1 Kg7 32. Rg4 0-1